000 01047nam a2200253Ia 4500
003 OSt
005 20220923211407.0
006 a|||||r|||| 00| 0
007 ta
008 220922b |||||||| |||| 00| 0 hin d
020 _a9788189982232 (hbk)
_c275
024 _a245,341
037 _bIN-01143, 16/02/2011, Kitab Ghar Prakashan
_cTextual
040 _aARTS
_cARTS
_bhin
041 _2hin
_ahin
082 _aO44:g(O15,1A1), 152P9
100 _aबंदिवडेकर, चंद्रकांत, संपा.
_9160374
245 0 _aभारतीय साहित्य पर महाभारत का प्रभाव
246 _aBhāratīya sāhitya par hinābhārat kā prabhāva
260 _aदिल्ली
_b आर्य प्रकाशन मंडल
_c2009
300 _a212पृ.
_ccm.
942 _hO44:g(O15,1A1), 152P9
_cTEXL
_2CC
999 _c299058
_d299058